| 000 | 01009nam0a22002771 4500 | ||
|---|---|---|---|
| 001 | rc\1157 | ||
| 005 | 20021204101611.0 | ||
| 010 |
_a5-376-01096-1 _9730 |
||
| 035 | _a(NLR Aleph) 005291846 | ||
| 090 |
_a6198385 _c6198385 |
||
| 100 | _a20021204d1991 u |0rusy50 ca | ||
| 101 | 0 | _arus | |
| 102 | _aRU | ||
| 105 | _aa ||||||||| | ||
| 200 | 1 |
_aПоврежденный кардиомиоцит _fВ.Х. Анестиади, Ю.С. Гузган, И.Т. Ципле _gАН Респ. Молдова. Центр патологии |
|
| 210 |
_aКишинев _cШтиинца _d1991 |
||
| 215 |
_a65, [1] с., [30] л. ил. _d21 |
||
| 320 | _aБиблиогр.: с. 61-66 | ||
| 700 | 1 |
_aАнестиади _bВ. Х. _f1928- _gВасилий Христофорович |
|
| 701 | 1 |
_aГузган _bЮ. С. _gЮрий Семенович |
|
| 701 | 1 |
_aЦипле _bИ. Т. _gИлие Теодорович |
|
| 801 | 0 |
_aRU _bNLR _gpsbo |
|
| 801 | 1 |
_aRU _bELAR _2rusmarc |
|
| 852 |
_aNLR _j92-6/191 |
||
| 942 | _cBOOK | ||
| 980 | _aNB | ||